Vọng gác tiền tiêu.

Gespeichert in:
Bibliographische Detailangaben
Format: Sách giấy
Sprache:Vietnamese
Veröffentlicht: H. : Phổ thông, 1978.
Tags: Tag hinzufügen
Keine Tags, Fügen Sie den ersten Tag hinzu!
Thư viện lưu trữ: Thư viện Trường Đại học Đà Lạt
LEADER 00531nam a2200253 4500
001 DLU120139736
005 ##20120815
040 # # |a DLU  |b vie 
041 # # |a vie 
044 # # |a vn 
082 # # |a TV  |b Von 
245 # # |a Vọng gác tiền tiêu. 
260 # # |a H. :  |b Phổ thông,  |c 1978. 
300 # # |a 125 tr. ;  |c 19 cm. 
991 # # |a SH 
992 # # |a 0 
994 # # |a DLU 
900 # # |a True 
911 # # |a Đào Thị Thu Huyền 
925 # # |a G 
926 # # |a A 
927 # # |a SH 
980 # # |a Thư viện Trường Đại học Đà Lạt